书目信息 |
| 题名: |
数学考研典型题
|
|
| 作者: | 龚冬保 , 魏战线 , 张永怀 , 魏立线 , 龚冬保 编著 | |
| 分册: | 数学一 | |
| 出版信息: | 西安 西安交通大学出版社 2005.04 |
|
| 页数: | 408页 | |
| 开本: | 26cm | |
| 丛书名: | 龚冬保教授考研数学系列丛书 | |
| 单 册: | ||
| 中图分类: | O13-44 | |
| 科图分类: | ||
| 主题词: | 高等数学--研究生--入学考试--解题 | |
| 电子资源: | ||
| ISBN: | 7-5605-1967-9 | |
| 000 | 01432nam 2200361 450 | |
| 001 | 010242291851 | |
| 005 | 20050805110920.79 | |
| 010 | @a7-5605-1967-9@dCNY37.20 | |
| 100 | @a20050612d2005 km y0chiy0120 ea | |
| 101 | 0 | @achi |
| 102 | @aCN@b610000 | |
| 105 | @aa zq 000yy | |
| 200 | 1 | @a数学考研典型题@Ashu xue kao yan dian xing ti@e2006 版@e考卷分析·应试对策·全真模拟@i数学一@f龚冬保等@Fgong dong bao deng |
| 205 | @a第7版 | |
| 210 | @a西安@c西安交通大学出版社@d2005.04 | |
| 215 | @a408页@c图@d26cm | |
| 225 | 2 | @a龚冬保教授考研数学系列丛书 |
| 304 | @a责任者还有: 魏战线, 张永怀, 魏立线。 | |
| 314 | @a龚冬保,男,西安交通大学数学教授,全国优秀教师,国家级工科高等数学、线性代数和概率统计试题库题库组骨干专家 | |
| 330 | @a本书是一部研究生入学考试高等数学的解题,内容包括:考卷分析、应试对策、一元函数微分学、一元函数积分学等。 | |
| 333 | @a准备参加研究生入学考试的考生,大学数学教师 | |
| 410 | 0 | @12001 @a龚冬保教授考研数学系列丛书 |
| 517 | 1 | @a数学一@Ashu xue yi |
| 517 | 1 | @a考卷分析·应试对策·全真模拟@Akao juan fen xi·ying shi dui ce·quan zhen mo ni |
| 606 | 0 | @a高等数学@x研究生@x入学考试@x解题 |
| 690 | @aO13-44@v4 | |
| 701 | 0 | @a龚冬保@Agong dong bao@4编著 |
| 701 | 0 | @a魏战线@Awei zhan xian@4编著 |
| 701 | 0 | @a张永怀@Azhang yong huai@4编著 |
| 701 | 0 | @a魏立线@Awei li xian@4编著 |
| 701 | 0 | @a龚冬保@Agong dong bao |
| 801 | 0 | @aCN@bQSSK@c20050805 |
| 905 | @a10447@dO13-44@eG380 | |
| 数学考研典型题:2006 版:考卷分析·应试对策·全真模拟.数学一/龚冬保等.-第7版.-西安:西安交通大学出版社,2005.04 |
| 408页:图;26cm.-(龚冬保教授考研数学系列丛书) |
| 使用对象:准备参加研究生入学考试的考生,大学数学教师 |
| ISBN 7-5605-1967-9:CNY37.20 |
| 本书是一部研究生入学考试高等数学的解题,内容包括:考卷分析、应试对策、一元函数微分学、一元函数积分学等。 |
| ● |
| 相关链接 |
|
|
|
正题名:数学考研典型题
索取号:O13-44/G380
 
预约/预借
| 序号 | 登录号 | 条形码 | 馆藏地/架位号 | 状态 | 备注 |
| 1 | 527367 | 205273675 | 自科库401/401自科库 108排9列6层/ [索取号:O13-44/G380] | 在馆 | |
| 2 | 527368 | 205273684 | 自科库401/401自科库 108排9列6层/ [索取号:O13-44/G380] | 在馆 | |
| 3 | 527369 | 205273693 | 自科库401/401自科库 108排9列6层/ [索取号:O13-44/G380] | 在馆 |